Alle Hauptstädte die ich noch nicht kann - Statistiken

Allgemein
  • Dieses Quiz wurde 92 mal gespielt
  • Das Durchschnittsergebnis liegt bei 22 aus 33
Antwortstatistiken
Hint Antwort % Korrekt
Guatemala Guatemala-Stadt
87%
Haiti Port-au-Prince
87%
Osttimor Dili
82%
Bhutan Thimphu
78%
Tansania Dodoma
77%
Simbabwe Harare
77%
Belize Belmopan
74%
Südsudan Juba
74%
Togo Lomé
74%
Mosambik Maputo
69%
Seychellen Victoria
69%
Eritrea Asmara
68%
Ruanda Kigali
67%
Gabun Libreville
67%
Kap Verde Praia
67%
Brunei Bandar Seri Begawan
65%
Niger Niamey
64%
Sambia Lusaka
63%
Komoren Moroni
63%
Lesotho Maseru
62%
Zentralafrikanische Republik Bangui
60%
Guinea Conakry
60%
Dominica Roseau
59%
Barbados Bridgetown
58%
Burundi Gitega
58%
Antigua und Barbuda Saint John's
58%
Gambia Banjul
56%
Grenada Saint George's
56%
Eswatini Mbabane
54%
Myanmar Naypyidaw
54%
Äquatorial-Guinea Malabo
50%
St. Kitts und Nevis Basseterre
49%
St. Lucia Castries
46%
Keine übereinstimmenden Quizze gefunden
Verteilung der Resultate
Anzahl Personen mit jedem Resultat
Perzentil nach korrekt beantworteten Fragen
Ihre Resultats-Entwicklung
Sie haben dieses Quiz noch nicht gespielt